000 00261nam a2200097Ia 4500
001 717204
005 20250826162959.0
008 250824s9999 xx 000 0 und d
245 0 _aNE ZAMAN KAYBETTİK
_cAHMET KAĞAN KARABULUT
260 _bKARATAY AKADEMİ YAYINLARI
999 _c717204
_d717204